All capital cities in Europe - Statistics

General Stats
  • This quiz has been taken 151 times
    122 since last reset
  • The average score is 34 of 46
Answer Stats
Country Capital city % Correct
Italy Rome
98%
UK London
96%
Germany Berlin
93%
Russia Moscow
91%
France Paris
91%
Belgium Brussels
89%
Portugal Lisbon
89%
Spain Madrid
89%
Vatican Vatican City
89%
Greece Athens
88%
Netherlands Amsterdam
86%
Ireland Dublin
86%
Finland Helsinki
86%
Norway Oslo
86%
Ukraine Kyiv
84%
Czechia Prague
84%
Austria Vienna
84%
Monaco Monaco
82%
Sweden Stockholm
82%
Poland Warsaw
82%
Switzerland Bern
80%
Hungary Budapest
80%
Denmark Copenhagen
80%
San Marino San Marino
80%
Iceland Reykjavik
77%
Bulgaria Sofia
77%
Luxembourg Luxembourg City
75%
Romania Bucharest
73%
Belarus Minsk
71%
Latvia Riga
70%
Croatia Zagreb
68%
Andorra Andorra la Vella
64%
Estonia Tallinn
59%
Slovakia Bratislava
57%
Malta Valletta
57%
Serbia Belgrade
55%
Slovenia Ljubljana
54%
Albania Tirana
54%
Bosnia and Herzegovina Sarajevo
52%
Lithuania Vilnius
50%
Cyprus Nicosia
48%
Moldova Chisinau
45%
Montenegro Podgorica
43%
Kosovo Pristina
43%
North Macedonia Skopje
43%
Liechtenstein Vaduz
41%
No matching quizzes found
Score Distribution
Percent of People with Each Score
Percentile by Number Answered
Your Score History
You have not taken this quiz since the last reset